NFL Teams by Mascot - Statistics

General Stats
  • This quiz has been taken 118 times
  • The average score is 7 of 10
Answer Stats
Mascot Team % Correct
Chomps / Swagger Jr / Brownie the Elf Cleveland Browns
84%
Sir Purr Carolina Panthers
78%
Blue Indianapolis Colts
74%
Poe / Rise and Conquer Baltimore Ravens
71%
Toro Houston Texans
71%
Big Red Arizona Cardinals
66%
Rowdy Dallas Cowboys
61%
Swoop / Air Swoop Philadelphia Eagles
60%
Sourdough Sam San Francisco 49ers
58%
Miles / Thunder II Denver Broncos
52%
No matching quizzes found
Score Distribution
Percent of People with Each Score
Percentile by Number Answered
Your Score History
You have not taken this quiz